000 003340000a22001450004500
003 MACL
040 _aMACL
090 _c2311
_d2311
100 _aBaird, Robert D.
245 _aReligion And Law In Independent India
260 _aNew Delhi
_bManohar Publishers
_c2005
350 _a750
650 _aHindu Religion
942 _cBOOK
_k294
999 _c2294
_d2294